Secullllar Sectarianism: (Record no. 173708)

MARC details
000 -LEADER
fixed length control field 00625nam a22001817a 4500
005 - DATE AND TIME OF LATEST TRANSACTION
control field 20200305151820.0
010 ## - LCCN (DPL NO)
LC control number ENG-128000
020 ## - INTERNATIONAL STANDARD BOOK NUMBER
International Standard Book Number 9789353286774
Terms of availability 1095.00
035 ## - SYSTEM CONTROL NUMBER
System control number EN-111532
037 ## - SOURCE OF ACQUISITION
Source of stock number/acquisition DBAD/PUB
082 ## - DEWEY DECIMAL CLASSIFICATION NUMBER
Classification number 322.1
245 ## - TITLE STATEMENT
Title Secullllar Sectarianism:
Statement of responsibility, etc edited by Ajay Gudavarthy
Remainder of title limits of Subaltern politics/
260 ## - PUBLICATION, DISTRIBUTION, ETC. (IMPRINT)
Place of publication, distribution, etc New Delhi
Name of publisher, distributor, etc Sage Publication India
Date of publication, distribution, etc 2020
270 ## - ADDRESS
Address B1/1-1 Mohan Cooperative Industrial Area Mathura Road
City New Delhi
Postal code 110044
300 ## - PHYSICAL DESCRIPTION
Extent viii;280p.
Dimensions 22cm(hb)
500 ## - GENERAL NOTE
General note includes bibliographical references and index
942 ## - ADDED ENTRY ELEMENTS (KOHA)
Source of classification or shelving scheme Dewey Decimal Classification
Item type English Books
Classification part 322.1
Call number suffix SEC
Holdings
Withdrawn status Lost status Not for loan Collection code Home library Current library Date acquired Source of acquisition Cost, normal purchase price Full call number Barcode Copy number Cost, replacement price Koha item type
      Non-fiction Central Library Central Library 05/03/2020 DBAD/PUB 1095.00 322.1 SEC EN-111532 1 1095.00 English Books

© Delhi Public Library
Hit Counter
free hit counter